Bipad purbatayarika bidhiharu prakitik prakopko byaktigat surakshyako lagi sahayogi pustak (Record no. 72166)
[ view plain ]
| 000 -LEADER | |
|---|---|
| fixed length control field | 00636 a2200229 4500 |
| 020 ## - INTERNATIONAL STANDARD BOOK NUMBER | |
| International Standard Book Number | 978-9937-2-4482-4 |
| 082 ## - DEWEY DECIMAL CLASSIFICATION NUMBER | |
| Classification number | 363.346 |
| Item number | KAF-d |
| -- | Disaster Risk Management |
| 100 ## - MAIN ENTRY--PERSONAL NAME | |
| Personal name | Kafle, Sheshkanta |
| 245 ## - TITLE STATEMENT | |
| Title | Bipad purbatayarika bidhiharu prakitik prakopko byaktigat surakshyako lagi sahayogi pustak |
| 260 ## - PUBLICATION, DISTRIBUTION, ETC. | |
| Place of publication, distribution, etc. | Kathmandu |
| Name of publisher, distributor, etc. | Kafle, Narayeni |
| Date of publication, distribution, etc. | 2012 |
| 300 ## - PHYSICAL DESCRIPTION | |
| Extent | 88p. |
| 650 ## - SUBJECT ADDED ENTRY--TOPICAL TERM | |
| Topical term or geographic name entry element | Eartquake |
| 650 ## - SUBJECT ADDED ENTRY--TOPICAL TERM | |
| Topical term or geographic name entry element | Flood |
| 650 ## - SUBJECT ADDED ENTRY--TOPICAL TERM | |
| Topical term or geographic name entry element | DRM |
| 650 ## - SUBJECT ADDED ENTRY--TOPICAL TERM | |
| Topical term or geographic name entry element | landslide |
| 650 ## - SUBJECT ADDED ENTRY--TOPICAL TERM | |
| Topical term or geographic name entry element | Volcano Eruption |
| 650 ## - SUBJECT ADDED ENTRY--TOPICAL TERM | |
| Topical term or geographic name entry element | cyclone |
| 650 ## - SUBJECT ADDED ENTRY--TOPICAL TERM | |
| Topical term or geographic name entry element | Lighteng & Thunderstrome |
| 650 ## - SUBJECT ADDED ENTRY--TOPICAL TERM | |
| Topical term or geographic name entry element | T-Sunami |
| 653 ## - INDEX TERM--UNCONTROLLED | |
| Uncontrolled term | Disaster Management |
| 942 ## - ADDED ENTRY ELEMENTS (KOHA) | |
| Source of classification or shelving scheme | Dewey Decimal Classification |
| Koha item type | Disaster Risk Management |
| Withdrawn status | Lost status | Source of classification or shelving scheme | Damaged status | Not for loan | Home library | Current library | Date acquired | Total Checkouts | Full call number | Barcode | Date last seen | Price effective from | Koha item type |
|---|---|---|---|---|---|---|---|---|---|---|---|---|---|
| Dewey Decimal Classification | Tribhuvan University Central Library | Tribhuvan University Central Library | 05/08/2014 | 363.346/KAF-b/N | DRM88 | 05/08/2014 | 05/08/2014 | Disaster Risk Management | |||||
| Dewey Decimal Classification | Tribhuvan University Central Library | Tribhuvan University Central Library | 08/21/2014 | 363.346 KAF-d | DRM342 | 08/21/2014 | 08/21/2014 | Disaster Risk Management |
